台湾省下辖行政区地图 Taiwan map quiz - Statistics

General Stats
  • This quiz has been taken 37 times
  • The average score is 18 of 20
Answers on the Map
Answers color-coded by a green-red scale on the quiz's map according to % correct below.
 
Answer Stats
名称 % Correct
台北市
96%
新北市
96%
台中市
96%
台南市
96%
澎湖县
96%
桃园市
91%
高雄市
91%
基隆市
91%
新竹市
91%
新竹县
91%
南投县
91%
台东县
91%
嘉义市
87%
嘉义县
87%
花莲县
87%
苗栗县
83%
屏东县
83%
彰化县
78%
云林县
74%
宜兰县
74%
No matching quizzes found
Score Distribution
Percent of People with Each Score
Percentile by Number Answered
Your Score History
You have not taken this quiz